000 00750cam a22002293a 4500
001 3355
003 PGUSA
005 20140828083031.0
008 020801s2002||||xxu|||||s|||||000 | eng d
040 _aPGUSA
_beng
042 _adc
050 4 _aBJ
100 1 _aChesterfield, Philip Dormer Stanhope, Earl of,
_d1694-1773
245 1 0 _aLetters to His Son, 1751 :
_bOn the Fine Art of Becoming a Man of the World and a Gentleman
_h[electronic resource] /
_cPhilip Dormer Stanhope, Earl of Chesterfield
260 _bProject Gutenberg,
_c2002
506 _aPublic domain in the USA.
516 _aElectronic text
653 _aConduct of life
830 0 _aProject Gutenberg
_v3355
856 4 0 _uhttp://www.gutenberg.org/ebooks/3355
942 _cEB
999 _c232684
_d232684